|
|
|
|
| LEADER |
00000nam0a2200000 4500 |
| 001 |
682968 |
| 005 |
20260316112649.0 |
| 090 |
|
|
|a 682968
|
| 100 |
|
|
|a 20251111d1873 m||y0rusy50 ba
|
| 101 |
0 |
|
|a eng
|
| 102 |
|
|
|a GB
|
| 105 |
|
|
|a a j 001yy
|
| 181 |
|
0 |
|a i
|b e
|
| 182 |
|
0 |
|a n
|
| 183 |
|
0 |
|a nc
|2 RDAcarrier
|
| 200 |
1 |
|
|a Natural Philosophy. Part 1. Mechanics
|d [Натурфилософия. Часть 1. Механика]
|z rus
|f J. A. Skertchly
|
| 203 |
|
|
|a Текст
|b визуальный
|c непосредственный
|
| 205 |
|
|
|a New Edition Revised
|f John J. Prince
|
| 210 |
|
|
|a London
|c Thomas Murby
|d [1873]
|
| 215 |
|
|
|a 168 p.
|c il.
|
| 225 |
1 |
|
|a Murby's "Science and art department" Series of text books
|f Edited by S. B. J. Skertchly
|
| 283 |
|
|
|a volume
|2 RDAcarrier
|
| 300 |
|
|
|a Корешок и обложка с блинтовым тиснением
|
| 316 |
|
|
|5 63413507: 10769
|a На титульном листе владельческий штамп "Библиотека Томского Технологического Института"
|
| 317 |
|
|
|5 63413507: 10769
|a Поступил в НТБ в 1910 г. в составе книжного собрания профессора ТТИ А. Э. Сабека
|
| 320 |
|
|
|a Index: S. 165-168
|
| 517 |
|
|
|a Natural Philosophy. Part 1. Mechanics
|z eng
|
| 606 |
|
|
|a Механика
|9 83462
|
| 610 |
1 |
|
|a физика
|
| 610 |
1 |
|
|a кинематика
|
| 610 |
1 |
|
|a динамика
|
| 610 |
1 |
|
|a статика
|
| 610 |
1 |
|
|a учебники
|
| 610 |
1 |
|
|a движение
|
| 610 |
1 |
|
|a сила
|
| 610 |
1 |
|
|a гравитация
|
| 610 |
1 |
|
|a трение
|
| 610 |
1 |
|
|a кинетика
|
| 610 |
1 |
|
|a английский язык
|
| 610 |
1 |
|
|a Коллекция А. Э. Сабека
|
| 675 |
|
|
|a 531
|v 4
|
| 700 |
|
1 |
|a Skertchly
|b J. A
|
| 801 |
|
0 |
|a RU
|b 63413507
|c 20251111
|
| 830 |
|
|
|a Ретро2025Каталогизация Кузнецова (РФ)
|
| 850 |
|
|
|a 63413507
|
| 942 |
|
|
|c BK
|